ALGORITHMS FOR NEXT GENERATION SEQUENCING / (Record no. 594036)

000 -LEADER
fixed length control field 00344nam a22001337a 4500
020 ## - INTERNATIONAL STANDARD BOOK NUMBER
Qualifying information PB.
040 ## - CATALOGING SOURCE
Transcribing agency FIZZA ISHAQ
082 ## - DEWEY DECIMAL CLASSIFICATION NUMBER
Classification number 570.285
Author Mark WIN
100 ## - MAIN ENTRY--PERSONAL NAME
Personal name SUNG,KIN WING.
9 (RLIN) 111023
245 ## - TITLE STATEMENT
Title ALGORITHMS FOR NEXT GENERATION SEQUENCING /
Statement of responsibility, etc. WING KIN SUNG.
260 ## - PUBLICATION, DISTRIBUTION, ETC.
Place of publication, distribution, etc. NEW YORK ;
Name of publisher, distributor, etc. CRC PRESS,
Date of publication, distribution, etc. 2017.
300 ## - PHYSICAL DESCRIPTION
Extent 347 P. ;
942 ## - ADDED ENTRY ELEMENTS (KOHA)
Source of classification or shelving scheme
Koha item type Book
Holdings
Withdrawn status Lost status Source of classification or shelving scheme Damaged status Not for loan Permanent Location Current Location Date acquired Total Checkouts Full call number Barcode Date last seen Price effective from Koha item type
          NUST Baluchistan Campus (NBC) NUST Baluchistan Campus (NBC) 03/22/2023   570.285 WIN Q-6415 03/22/2023 03/22/2023 Book
© 2023 Central Library, National University of Sciences and Technology. All Rights Reserved.